000 01200cam a2200325 a 4500
003 CHAP
005 20220817043741.0
008 010125d2000 mx a r 10100 spa d
010 _a83354
011 _a84326
035 _a94846
040 _cCHAP
082 0 4 _a338.15
_bS5
111 0 0 _aSimposio Nacional de la Red de Extensionismo y Asistencia Técnica Rural
_d(2000 :
_cBoca del Río, Veracruz)
_9106334
245 1 0 _aMemoria
_c/por Secretaría de Agricultura, Ganadería y Desarrollo Rural
260 _aMéxico, D. F. :
_bSecretaría de Agricultura, Ganadería y Desarrollo Rural,
_c2000.
300 _a111 p. :
_bilus.
590 _aBATCH-UPD
_b10
_c20130110
_lUCH01
_h0639
590 _aBATCH-UPD
_b10
_c20130410
_lUCH01
_h0324
590 _aBATCH-UPD
_b10
_c20130914
_lUCH01
_h0505
590 _aCONVERSION
_b10
_c20130109
_lUCH01
_h1346
650 1 4 _aAyuda técnica.
_99035
650 1 4 _aDesarrollo rural.
_932067
650 1 4 _aExtensión agrícola
_xMéxico.
_939173
710 0 _aMéxico.
_bSecretaría de Agricultura, Ganadería y Desarrollo Rural
901 _aBK
905 _aLilia Sánchez G.
942 _cLIBRO
949 _a338.15 S5
_bBC
_cCONG
_d33724000808689
_eCONG
_h99434
_i94846
_sb
999 _c83354
_d83354